Нормален изглед
MARC изглед
- Делева, Надежда Петкова
Вход 01. Лично име
001 - Контролен номер на записа
- Контролно поле: 329683
003 - Код на организацията, даваща контролен номер
- Контролно поле: BLK
005 - Дата и час на последна промяна на записа
- Контролно поле: 20240314113135.0
008 - Данни с фиксирана дължина – обща информация
- Данни с фиксирана дължина : 180420|| aca||aabn | a|a d
100 ## - ИМЕ НА ЛИЦЕ -ПЪРВИЧНА ИНТЕЛЕКТУАЛНА ОТГОВОРНОСТ
- Лично име: Делева, Надежда Петкова
- Дати, свързани с автора: 1959-
- Друга информация: Филолог, руска филология. Преводач от/на руски език.
942 ## - Системна служебна употреба
- Koha auth type: PERSO_NAME